| 000 | 01209nam0a22003011 4500 | ||
|---|---|---|---|
| 001 | RU\INFOCOMM_327\NLR\5000080337 | ||
| 005 | 20250614080727.0 | ||
| 035 | _a(NLR Aleph) 010612498 | ||
| 090 |
_a10575796 _c10575796 |
||
| 100 | _a20130326d1986 |||y0rusy50 ca | ||
| 101 | 1 |
_afre _crus |
|
| 102 | _aRU | ||
| 105 | _ay z|||| | ||
| 200 | 1 |
_aLes relations interafricaines aujourd'hui _f[Aut.: An. Gromyko, Y. Alimov, A. Chvédov et al.] _gSous la dir. de An .Gromyko, mem. corr. de l'Acad. des sciences de l'URSS _g[Trad. du russe par Alexandre Vinokourov et Léonide Gourévitch] |
|
| 210 |
_aM. _cProgrès _d1986 |
||
| 215 |
_a319 с. _d17 см |
||
| 300 | _aВ вып. дан.: Актуальные проблемы межафриканских отношений | ||
| 320 | _aБиблиогр. в примеч.: с. 298-304 | ||
| 607 |
_aАфрика _xИстория _z20 в. _2nlr_sh1 |
||
| 620 | _aМосква | ||
| 686 |
_aТ3(6)63 _2rubbk |
||
| 701 | 1 |
_7ba _8rus _aGromyko _bA. A. _f1932-2017 _gAnatolij Andreevič _92648293 _3RU\NLR\AUTH\770276326 |
|
| 801 | 1 |
_aRU _bInfocomm _c20130326 |
|
| 801 | 0 |
_aRU _bINFOCOMM _gPSBO |
|
| 852 |
_aNLR _jИ87 Д-1/36 |
||
| 942 | _cBOOK | ||
| 980 | _aNB | ||